[Event "FRA-ch U20"]
[Site "Montlucon"]
[Date "2011.04.18"]
[Round "2"]
[White "Massoni, Michael"]
[Black "Contout, Aime"]
[Result "1-0"]
[WhiteElo "2338"]
[BlackElo "2097"]
[PlyCount "95"]
[EventDate "2011.04.17"]
[EventType "swiss"]
[EventRounds "9"]
[EventCountry "FRA"]
[SourceTitle "CBM 142 Extra"]
[Source "ChessBase"]
[SourceDate "2011.06.27"]
[SourceVersion "1"]
[SourceVersionDate "2011.06.27"]
[SourceQuality "1"]

1. e4 c5 2. Nf3 d6 3. d4 cxd4 4. Nxd4 Nf6 5. Nc3 e6 6. Be2 Be7 7. 0-0 a6 8. f4 b5 9. Bf3 Ra7 10. Be3 Rd7 11. a3 0-0 12. g4 Bb7 13. Qe1 Nc6 14. Rd1 Na5 15. g5 Ne8 16. Qg3 Nc4 17. Bc1 Qb6 18. b3 e5 19. bxc4 exd4 20. Nd5 Bxd5 21. cxd5 Rc7 22. Qf2 b4 23. Bb2 bxa3 24. Bxd4 Qa5 25. Bb6 Qa4 26. Bxc7 Nxc7 27. c4 Bd8 28. c5 dxc5 29. Qxc5 Nb5 30. d6 Qa5 31. Kh1 Bb6 32. Qc4 Rd8 33. e5 Qc3 34. Qxc3 Nxc3 35. Rd3 Ba5 36. Ra1 Bb4 37. Kg2 f6 38. Rxa3 Bxa3 39. Rxc3 Bb4 40. Rc4 a5 41. Bd5+ Kf8 42. Kf3 fxe5 43. fxe5 Bxd6 44. exd6 Rxd6 45. Be4 Ra6 46. Bxh7 g6 47. Rc8+ Kg7 48. Bg8 1-0

[Event "Chambery op 14th"]
[Site "Chambery"]
[Date "2008.08.06"]
[Round "5"]
[White "Contout, Aime"]
[Black "De Seroux, Camille"]
[Result "1-0"]
[WhiteElo "2052"]
[BlackElo "1898"]
[PlyCount "115"]
[EventDate "2008.08.04"]
[EventType "swiss"]
[EventRounds "9"]
[EventCountry "FRA"]
[SourceTitle "EXT 2009"]
[Source "ChessBase"]
[SourceDate "2008.11.26"]
[SourceVersion "1"]
[SourceVersionDate "2008.11.26"]
[SourceQuality "1"]

1. e4 c5 2. f4 d6 3. Nf3 Nc6 4. Bc4 g6 5. c3 Bg7 6. Qb3 e6 7. d3 Nge7 8. 0-0 0-0 9. Qd1 Rb8 10. a4 a6 11. Na3 Bd7 12. Rb1 Na5 13. d4 cxd4 14. Nxd4 Nxc4 15. Nxc4 d5 16. Nd2 Qb6 17. e5 Rfc8 18. Ra1 Nc6 19. N2b3 Na5 20. Nxa5 Qxa5 21. b4 Qc7 22. Rf3 f6 23. exf6 Bxf6 24. Ne2 Qd6 25. Rd3 Rc4 26. Be3 Rbc8 27. Bd4 Bxd4+ 28. Rxd4 Be8 29. Qd2 Qb6 30. a5 Qc7 31. Rc1 Bb5 32. Rxc4 Bxc4 33. Nd4 e5 34. fxe5 Qxe5 35. Re1 Qf6 36. Qe3 Rf8 37. Nf3 Rc8 38. h3 Bb5 39. Nd4 Bd7 40. Rf1 Qd6 41. Qf3 Rf8 42. Qxf8+ Qxf8 43. Rxf8+ Kxf8 44. Kf2 Ke7 45. Ke3 Ba4 46. Nf3 Bc2 47. g3 Kd6 48. Kd4 Be4 49. Ng5 Bg2 50. h4 h5 51. Nf7+ Ke7 52. Ne5 Kf6 53. Nd7+ Kf5 54. Nc5 Kg4 55. Nxb7 Kxg3 56. b5 Bf1 57. b6 Bb5 58. Nd8 1-0

[Event "Lyon op"]
[Site "Lyon"]
[Date "2007.11.02"]
[Round "5"]
[White "Contout, Aime"]
[Black "Strowsky, Yannick"]
[Result "1/2-1/2"]
[WhiteElo "2022"]
[BlackElo "2141"]
[PlyCount "74"]
[EventDate "2007.10.31"]
[EventType "swiss"]
[EventRounds "9"]
[EventCountry "FRA"]
[SourceTitle "EXT 2008"]
[Source "ChessBase"]
[SourceDate "2007.11.25"]
[SourceVersion "1"]
[SourceVersionDate "2007.11.25"]
[SourceQuality "1"]

1. e4 d5 2. exd5 Qxd5 3. Nc3 Qd6 4. Bb5+ Nd7 5. Nf3 Ngf6 6. d4 e6 7. 0-0 a6 8. Ba4 b5 9. Bb3 Bb7 10. Re1 b4 11. Ne2 Bxf3 12. gxf3 Be7 13. Bf4 Qb6 14. Ng3 Rd8 15. Qe2 Nf8 16. Nf5 Rg8 17. Qc4 c6 18. Nxe7 Kxe7 19. Rad1 Qb5 20. Bc7 Ra8 21. Qc5+ Qxc5 22. dxc5 N8d7 23. Ba4 Rgc8 24. Ba5 Rab8 25. Rd4 Nd5 26. Bxc6 Rxc6 27. Rxd5 Rb5 28. Rxd7+ Kxd7 29. Rd1+ Ke7 30. Bd8+ Ke8 31. Bb6 Rbxb6 32. cxb6 Rxb6 33. Rd4 Ke7 34. Kf1 e5 35. Rc4 Ke6 36. f4 Kd5 37. Rc7 Rc6 1/2-1/2

[Event "Chambery op 13th"]
[Site "Chambery"]
[Date "2007.08.03"]
[Round "7"]
[White "Contout, Aime"]
[Black "Di Nicolantonio, Lucas"]
[Result "0-1"]
[WhiteElo "1984"]
[BlackElo "1848"]
[PlyCount "44"]
[EventDate "2007.07.28"]
[EventType "swiss"]
[EventRounds "9"]
[EventCountry "FRA"]
[SourceTitle "CBM 119 Extra"]
[Source "ChessBase"]
[SourceDate "2007.09.04"]
[SourceVersion "1"]
[SourceVersionDate "2007.09.04"]
[SourceQuality "1"]

1. Nf3 Nf6 2. d4 e6 3. g3 b6 4. Bg2 Bb7 5. Bg5 Be7 6. Nbd2 0-0 7. c3 d5 8. 0-0 c5 9. Qb3 Nbd7 10. Rfe1 h6 11. Bf4 Nh5 12. Be3 Qc7 13. Red1 Ba6 14. Bf1 f5 15. Qc2 f4 16. Qg6 fxe3 17. Qxe6+ Rf7 18. fxe3 Nhf6 19. Nh4 Bc8 20. Qf5 Nf8 21. Qd3 Ng4 22. Ndf3 Bxh4 0-1